<?xml version="1.0" encoding="UTF-8"?>
<record
    xmlns:xsi="http://www.w3.org/2001/XMLSchema-instance"
    xsi:schemaLocation="http://www.loc.gov/MARC21/slim http://www.loc.gov/standards/marcxml/schema/MARC21slim.xsd"
    xmlns="http://www.loc.gov/MARC21/slim">

  <leader>00371nam a2200145Ia 4500</leader>
  <controlfield tag="008">150201s2005    xx            000 0 und d</controlfield>
  <datafield tag="082" ind1=" " ind2=" ">
    <subfield code="a">616.07</subfield>
    <subfield code="b">E2005H</subfield>
  </datafield>
  <datafield tag="100" ind1=" " ind2=" ">
    <subfield code="a">HARSH MOHAN</subfield>
  </datafield>
  <datafield tag="245" ind1=" " ind2=" ">
    <subfield code="a">ESSENTIAL PATHOLOGY FOR DENTAL STUDENTS</subfield>
  </datafield>
  <datafield tag="250" ind1=" " ind2=" ">
    <subfield code="a">3RD</subfield>
  </datafield>
  <datafield tag="260" ind1=" " ind2=" ">
    <subfield code="b">JAYPEE MEDICAL PUBLISHER</subfield>
    <subfield code="a">DELHI</subfield>
    <subfield code="c">2005</subfield>
  </datafield>
  <datafield tag="300" ind1=" " ind2=" ">
    <subfield code="a">1-575</subfield>
  </datafield>
  <datafield tag="650" ind1=" " ind2=" ">
    <subfield code="a">PATHOLOGY</subfield>
  </datafield>
  <datafield tag="942" ind1=" " ind2=" ">
    <subfield code="2">ddc</subfield>
    <subfield code="c">BK</subfield>
    <subfield code="0">43</subfield>
  </datafield>
  <datafield tag="952" ind1=" " ind2=" ">
    <subfield code="0">0</subfield>
    <subfield code="1">0</subfield>
    <subfield code="2">ddc</subfield>
    <subfield code="4">0</subfield>
    <subfield code="7">0</subfield>
    <subfield code="a">FD</subfield>
    <subfield code="b">FD</subfield>
    <subfield code="d">2006-12-15</subfield>
    <subfield code="e">U.B.S.DELHI</subfield>
    <subfield code="g">495.00</subfield>
    <subfield code="h">1</subfield>
    <subfield code="i">SGTU</subfield>
    <subfield code="l">17</subfield>
    <subfield code="m">2</subfield>
    <subfield code="o">616.07 E2005H</subfield>
    <subfield code="p">FD3987</subfield>
    <subfield code="r">2026-01-10 00:00:00</subfield>
    <subfield code="s">2025-12-25</subfield>
    <subfield code="w">2012-08-01</subfield>
    <subfield code="y">BK</subfield>
    <subfield code="k">16</subfield>
  </datafield>
  <datafield tag="952" ind1=" " ind2=" ">
    <subfield code="0">0</subfield>
    <subfield code="1">0</subfield>
    <subfield code="2">ddc</subfield>
    <subfield code="4">0</subfield>
    <subfield code="7">0</subfield>
    <subfield code="a">FD</subfield>
    <subfield code="b">FD</subfield>
    <subfield code="d">2006-12-15</subfield>
    <subfield code="e">U.B.S.DELHI</subfield>
    <subfield code="g">495.00</subfield>
    <subfield code="h">1</subfield>
    <subfield code="i">SGTU</subfield>
    <subfield code="l">32</subfield>
    <subfield code="o">616.07 E2005H</subfield>
    <subfield code="p">FD3988</subfield>
    <subfield code="r">2025-10-24 00:00:00</subfield>
    <subfield code="s">2025-10-24</subfield>
    <subfield code="w">2012-08-01</subfield>
    <subfield code="y">BK</subfield>
    <subfield code="k">16</subfield>
  </datafield>
  <datafield tag="952" ind1=" " ind2=" ">
    <subfield code="0">0</subfield>
    <subfield code="1">0</subfield>
    <subfield code="2">ddc</subfield>
    <subfield code="4">0</subfield>
    <subfield code="7">0</subfield>
    <subfield code="a">FD</subfield>
    <subfield code="b">FD</subfield>
    <subfield code="d">2007-01-23</subfield>
    <subfield code="e">U.B.S.DELHI</subfield>
    <subfield code="g">495.00</subfield>
    <subfield code="h">1</subfield>
    <subfield code="i">SGTU</subfield>
    <subfield code="l">19</subfield>
    <subfield code="o">616.07 E2006H</subfield>
    <subfield code="p">FD4002</subfield>
    <subfield code="r">2026-01-08 00:00:00</subfield>
    <subfield code="s">2025-12-24</subfield>
    <subfield code="w">2012-08-02</subfield>
    <subfield code="y">BK</subfield>
    <subfield code="k">1013</subfield>
  </datafield>
  <datafield tag="952" ind1=" " ind2=" ">
    <subfield code="0">0</subfield>
    <subfield code="1">0</subfield>
    <subfield code="2">ddc</subfield>
    <subfield code="4">0</subfield>
    <subfield code="7">0</subfield>
    <subfield code="a">FD</subfield>
    <subfield code="b">FD</subfield>
    <subfield code="d">2010-11-17</subfield>
    <subfield code="e">U.B.S.DELHI</subfield>
    <subfield code="g">550.00</subfield>
    <subfield code="h">1</subfield>
    <subfield code="i">SGTU</subfield>
    <subfield code="l">12</subfield>
    <subfield code="o">616.07 E2010M</subfield>
    <subfield code="p">FD6305</subfield>
    <subfield code="r">2026-04-27 00:00:00</subfield>
    <subfield code="s">2026-04-03</subfield>
    <subfield code="w">2013-04-08</subfield>
    <subfield code="y">BK</subfield>
    <subfield code="k">664</subfield>
  </datafield>
  <datafield tag="952" ind1=" " ind2=" ">
    <subfield code="0">0</subfield>
    <subfield code="1">0</subfield>
    <subfield code="2">ddc</subfield>
    <subfield code="4">0</subfield>
    <subfield code="7">0</subfield>
    <subfield code="a">FD</subfield>
    <subfield code="b">FD</subfield>
    <subfield code="d">2010-11-17</subfield>
    <subfield code="e">U.B.S.DELHI</subfield>
    <subfield code="g">550.00</subfield>
    <subfield code="h">1</subfield>
    <subfield code="i">SGTU</subfield>
    <subfield code="l">20</subfield>
    <subfield code="o">616.07 E2010M</subfield>
    <subfield code="p">FD6306</subfield>
    <subfield code="q">2026-06-15</subfield>
    <subfield code="r">2026-06-01 15:25:41</subfield>
    <subfield code="s">2026-06-01</subfield>
    <subfield code="w">2013-04-08</subfield>
    <subfield code="y">BK</subfield>
    <subfield code="k">664</subfield>
  </datafield>
  <datafield tag="952" ind1=" " ind2=" ">
    <subfield code="0">0</subfield>
    <subfield code="1">0</subfield>
    <subfield code="2">ddc</subfield>
    <subfield code="4">0</subfield>
    <subfield code="7">0</subfield>
    <subfield code="a">FD</subfield>
    <subfield code="b">FD</subfield>
    <subfield code="d">2010-11-17</subfield>
    <subfield code="e">U.B.S.DELHI</subfield>
    <subfield code="g">550.00</subfield>
    <subfield code="h">1</subfield>
    <subfield code="i">SGTU</subfield>
    <subfield code="l">45</subfield>
    <subfield code="o">616.07 E2010M</subfield>
    <subfield code="p">FD6307</subfield>
    <subfield code="r">2025-10-24 00:00:00</subfield>
    <subfield code="s">2025-10-24</subfield>
    <subfield code="w">2013-04-08</subfield>
    <subfield code="y">BK</subfield>
    <subfield code="k">664</subfield>
  </datafield>
  <datafield tag="952" ind1=" " ind2=" ">
    <subfield code="0">2</subfield>
    <subfield code="1">0</subfield>
    <subfield code="2">ddc</subfield>
    <subfield code="4">0</subfield>
    <subfield code="7">0</subfield>
    <subfield code="a">FD</subfield>
    <subfield code="b">FD</subfield>
    <subfield code="d">2010-11-17</subfield>
    <subfield code="e">U.B.S.DELHI</subfield>
    <subfield code="g">550.00</subfield>
    <subfield code="h">1</subfield>
    <subfield code="i">SGTU</subfield>
    <subfield code="l">36</subfield>
    <subfield code="o">616.07 E2010M</subfield>
    <subfield code="p">FD6308</subfield>
    <subfield code="r">2021-08-28 00:00:00</subfield>
    <subfield code="s">2021-08-26</subfield>
    <subfield code="w">2013-04-08</subfield>
    <subfield code="y">BK</subfield>
    <subfield code="k">664</subfield>
  </datafield>
  <datafield tag="952" ind1=" " ind2=" ">
    <subfield code="0">0</subfield>
    <subfield code="1">0</subfield>
    <subfield code="2">ddc</subfield>
    <subfield code="4">0</subfield>
    <subfield code="7">0</subfield>
    <subfield code="a">FD</subfield>
    <subfield code="b">FD</subfield>
    <subfield code="d">2010-11-17</subfield>
    <subfield code="e">U.B.S.DELHI</subfield>
    <subfield code="g">550.00</subfield>
    <subfield code="h">1</subfield>
    <subfield code="i">SGTU</subfield>
    <subfield code="l">15</subfield>
    <subfield code="m">1</subfield>
    <subfield code="o">616.07 E2010M</subfield>
    <subfield code="p">FD6309</subfield>
    <subfield code="q">2026-06-15</subfield>
    <subfield code="r">2026-06-01 15:22:47</subfield>
    <subfield code="s">2026-06-01</subfield>
    <subfield code="w">2013-04-08</subfield>
    <subfield code="y">BK</subfield>
    <subfield code="k">664</subfield>
  </datafield>
  <datafield tag="999" ind1=" " ind2=" ">
    <subfield code="c">3517</subfield>
    <subfield code="d">3517</subfield>
  </datafield>
</record>
